01204nam a2200301Ia 4500001001200000003000800012006001900020007001500039008004100054010001700095020004000112020004300152020002600195040002100221035002100242050002600263100002100289245008600310260008400396300001100480533015200491600002100643650004900664655002900713710001700742856012600759999001700885ebr10573982CaPaEBRm u cr cn|||||||||090702s2010 nyu s s000 0aeng d z 2009026795 z1438431392 (hardcover : alk. paper) z9781438431390 (hardcover : alk. paper) z9781438431406 (ebook) aCaPaEBRcCaPaEBR a(OCoLC)61560039114aQH91.3.S66bA3 2010eb1 aSpotte, Stephen.14aThe smoking horseh[electronic resource] :ba memoir in pieces /cStephen Spotte. aAlbany, N.Y. :bExcelsior Editions, State University of New York Press,cc2010. a187 p. aElectronic reproduction.bPalo Alto, Calif. :cebrary,d2011.nAvailable via World Wide Web.nAccess may be limited to ebrary affiliated libraries.10aSpotte, Stephen. 0aMarine biologistszUnited StatesvBiography. 7aElectronic books.2local2 aebrary, Inc.40uhttp://site.ebrary.com/lib/rucke/Doc?id=10573982zAn electronic book accessible through the World Wide Web; click to view c78677d78677